Statistics for Top 20 Most Famous Baby Girl Names

Click here to take the quiz!

General Stats

  • This quiz has been taken 523 times
  • The average score is 9 of 20

Answer Stats

%Name% Correct
81Emma
75%
81Emily
71%
71Olivia
69%
79Mary
68%
87Elizabeth
67%
79Sara
63%
85Anna
62%
74Isabel
59%
79Jessica
55%
78Jennifer
53%
74Hannah
51%
70Ava
48%
79Sarah
34%
72Kate
30%
69Catherine
29%
72Katie
25%
75Katherine
22%
85Ana
9%
81Kathryn
5%
71Alivia
0%

Score Distribution

Percentile by Number Answered

Percent of People with Each Score

Your Score History

You have not taken this quiz